1150 1365 1463 1269 1752 1286 1831 1139 1437 1672 1670 1664 1105 1900 1530 1657 1567 1273 1804 1808 1926 1821 1518 1228 1119 1557 1847 1098 1985 1418 1420 1195 1096 1015 1011 1455 1917 1693 1236 1389 1821 1144 1166 1620 1241 1666 1111 1648 1330 1108 1486 1277 1840 1837 1891 1431 1170 1379 1818 1487 1035 1721 1013 1356 1031 1685 1027 1920 1933 1944 1981 1534 1950 1488 1912 1827 1128 1094 1915 1486 1915 1463 1132 1810 1138 1888 1127 1270 1334 1845 1734 1192 1218 1003 1737 1078 1660 1593 1924 BCNSPRNW ULIB Ver.6.0+V

เปลี่ยนเป็นภาษาไทย

Change to English
 แสดงรายละเอียดบรรณานุกรม
  กลับหน้าหลัก

Brief Record : Get Marc (ISO 2709) : E-mail record : QR code < ปิดหน้าต่าง
LEADER : 00000nam 2200000uu 4500
001    13399122083
003     ULIB
008    121225s2554||||th 000 0 tha d
020    ^a9789741114627
060 04 ^aW20.5^bต367
245 00 ^aตำราการวิจัยทางคลินิก =^bTextbook of clinical research /^cจัดพิมพ์โดย คณะเวชศาสตร์เขตร้อน มหาวิทยาลัยมหิดล ; บรรณาธิการ พรรณี ปิติสุทธิธรรม, ชยันต์ พิเชียรสุนทร
246 31 ^aTextbook of clinical research
250    ^aพิมพ์ครั้งที่ 1
260    ^aกรุงเทพฯ :^bอมรินทร์พริ้นติ้งแอนด์พับลิชชิ่ง,^c2554
300    ^a(7), 600 หน้า :^bภาพประกอบ ;^c25 ซม.
500    ^aSend to Single Search
504    ^aมีบรรณานุกรมและดัชนี
505 0  ^a^tภาพรวมและประเด็นการทดสอบทางคลินิก --^tรูปแบบการวิจัยทางคลินิก --^tการเขียนโครงร่างการวิจัยทางคลินิก --^tขนาดกลุ่มตัวอย่างในการวิจัยทางคลินิก --^tการสุ่มตัวอย่างและการปกปิด --^tพื้นฐานสถิติที่ใช้ในการวิจัยทางคลินิก --^tแนวทางการวิจัยทางคลินิกที่ดี --^tจริยธรรมในการวิจัยทางคลินิก --^tการจัดทำแบบแสดงความยินยอม --^tการเก็บรวบรวมข้อมูล --^tการจัดทำเอกสารวิธีและวิธีดำเนินการมาตรฐานงานวิจัย --^tการรายงานความปลอดภัย --^tการกำกับดูแลการวิจัยทางคลินิก --^tการตรวจสอบการวิจัยทางคลินิก --^tการดูแลจัดการเกี่ยวกับตัวอย่างสิ่งส่งตรวจทางห้องปฏิบัติการ --^tวิธีการตรวจวินิจฉัย --^tการบริหารจัดการผลิตภัณฑ์และเครื่องมือที่ใช้ในการวิจัย --^tการวิจัยวัคซีนทางคลินิก --^tการบริหารจัดการข้อมูลในงานวิจัยทางคลินิก --^tกระบวนการวิเคราะห์ข้อมูลและตรวจสอบผลการวิจัย
650  4 ^aการแพทย์^xวิจัย
650  4 ^aวิจัย^xวิธีการ
700 0  ^aพรรณี ปิติสุทธิธรรม,^eบรรณาธิการ
700 0  ^aชยันต์ พิเชียรสุนทร,^eบรรณาธิการ
710 2  ^aมหาวิทยาลัยมหิดล. ^bคณะเวชศาสตร์เขตร้อน
945    ^p450^l0^i033332
945    ^p450^l0^i033333
995    ^a เกษร
999    ^aใช้งานได้ทุกระบบ
รายการนี้ยังไม่มีแท็ก
คุณยังไม่ได้ล็อกอิน คุณสามารถมีกิจกรรมร่วมกับเว็บไซต์ได้ แต่ต้องล็อกอินก่อน ::
  ล็อกอิน

รายการสื่อสารสนเทศ

ลำดับที่ ประเภท เลขเรียก/บาร์โค้ด สถานที่ สถานะ
1. วิทยาศาสตร์การแพทย์ และสุขภาพ
หนังสือสำรอง
สถานะ=หนังสือสำรอง
W20.5 ต367 ฉ.1 
  Barcode: 033332
ห้องสมุดวิทยาเขตสวรรค์ประชารักษ์
►ส่วนจัดเก็บหนังสือเก่า สปร
บนชั้น
  ขอยืม
2. วิทยาศาสตร์การแพทย์ และสุขภาพ
วิทยาศาสตร์การแพทย์ และสุขภาพ
W20.5 ต367 ฉ.2 
  Barcode: 033333
ห้องสมุดวิทยาเขตสวรรค์ประชารักษ์
►ส่วนจัดเก็บหนังสือเก่า สปร
บนชั้น
  ขอยืม

BibComment


ยังไม่เคยถูกคอมเมนท์

คอมเมนท์ทรัพยากรรายการนี้
  คอมเมนท์: ตำราการวิจัยทางค..


 Copyright 2026. Bcnsprnw @Library